000 00739 a2200181 4500
020 _a9780545571050
020 _a0545571057
041 _aspa
100 _aLedger, Kate
245 _aEl rescate del diente perdido / escrito por Kate Ledger ; ilustrado por Kyla May.
260 _aNew York, N.Y. : Scholastic, c2013.
300 _a32 pages : color illustrations ;
_c23 cm.
440 _aMagia de mellizas, #1
440 _aScholastic en espanol. Nivel 2
500 _aEl primer dia de escuela, Lucia and Mia conocen a una chica llamada Ana, que tiene un diente flojo. A Ana se le cae el diente y lo pierde. Entonces, Lucia y Mia usan sus poderes especiales de Super mellizas para encontrarlo!
700 _aMay, Kyla
942 _cBK
999 _c10513
_d10513